[Event "Saint-Lô Open Yves Coquereau"]
[Site "?"]
[Date "2014.07.12"]
[Round "8.8"]
[White "Amoyal, Pierre"]
[Black "Perrot, Pierre"]
[Result "1-0"]
[WhiteElo "2142"]
[BlackElo "1960"]
[PlyCount "58"]
[EventDate "2014.07.05"]
[SourceDate "2014.07.06"]

1. d4 d5 2. c4 c6 3. Nf3 Nf6 4. e3 e6 5. b3 Nbd7 6. Bd3 Bd6 7. Bb2 O-O 8. Nbd2
Re8 9. Ne5 h6 10. O-O Bxe5 11. dxe5 Nh7 12. f4 f5 13. cxd5 cxd5 14. Rc1 b6 15.
Bb5 Bb7 16. Nf3 a6 17. Bc6 Bxc6 18. Rxc6 Nc5 19. b4 Ne4 20. Bd4 b5 21. Qc2 Qe7
22. a3 a5 23. Rc7 Qd8 24. Bb6 Re7 25. Rc6 Qe8 26. bxa5 Nf8 27. Nd4 Nd7 28. Nxb5
Nxb6 29. axb6 Kh7 1-0

[Event "Saint-Lô Open Yves Coquereau"]
[Site "?"]
[Date "2014.07.12"]
[Round "8.9"]
[White "Zamar Kodelja, Jurij"]
[Black "Gagarin, Vasilij"]
[Result "0-1"]
[WhiteElo "1963"]
[BlackElo "2312"]
[PlyCount "70"]
[EventDate "2014.07.05"]
[SourceDate "2014.07.06"]

1. e4 c5 2. Nf3 e6 3. b3 Nf6 4. Bd3 d5 5. exd5 Nxd5 6. Nc3 Nxc3 7. dxc3 Be7 8.
O-O O-O 9. Be3 Nc6 10. Be4 Qc7 11. Bxc6 Qxc6 12. c4 b6 13. Ne5 Qc7 14. Nd3 e5
15. Qf3 Bb7 16. Qg3 f6 17. f4 e4 18. Nf2 f5 19. Nh3 Rad8 20. Rad1 Bf6 21. Ng5
Qe7 22. Qf2 Bc6 23. Qe2 Rxd1 24. Qxd1 Rd8 25. Qh5 g6 26. Qh3 Rd6 27. b4 cxb4
28. c5 bxc5 29. Bxc5 Bd4+ 30. Bxd4 Rxd4 31. Qe3 Rd7 32. a3 h6 33. Nh3 bxa3 34.
Ra1 Qb4 35. Nf2 a2 0-1

[Event "Saint-Lô Open Yves Coquereau"]
[Site "?"]
[Date "2014.07.12"]
[Round "8.10"]
[White "Monpeurt, Cyrielle"]
[Black "Smith, Matthieu"]
[Result "1-0"]
[WhiteElo "2045"]
[BlackElo "2159"]
[PlyCount "101"]
[EventDate "2014.07.05"]
[SourceDate "2014.07.06"]

1. e4 d6 2. d4 Nf6 3. Nc3 e5 4. Nf3 Nbd7 5. Bc4 Be7 6. O-O O-O 7. a4 c6 8. a5
Rb8 9. h3 b5 10. axb6 axb6 11. Be3 b5 12. Bb3 b4 13. Ne2 Nxe4 14. Qd3 Nef6 15.
Ng3 exd4 16. Nxd4 Ne5 17. Qe2 Bd7 18. Ndf5 Ng6 19. Rfd1 d5 20. h4 Ne4 21. h5
Nxg3 22. Nxg3 Nh4 23. Bf4 Rc8 24. c4 bxc3 25. bxc3 Bf6 26. Qd3 Be6 27. Bc2 g6
28. Ra7 Nf5 29. hxg6 hxg6 30. Qf3 Nh4 31. Qd3 Re8 32. Rb1 Re7 33. Ra4 Rd7 34.
Qe2 Re7 35. Qd2 c5 36. Bg5 Rd7 37. Bxf6 Qxf6 38. Qh6 c4 39. Ra6 Qxc3 40. Ba4
Qh8 41. Qxh8+ Kxh8 42. Rxe6 Ra7 43. Re8+ Rxe8 44. Bxe8 d4 45. Rd1 d3 46. Bb5
Rc7 47. Ne4 Nf5 48. Kf1 Nd4 49. Nc3 Nxb5 50. Nxb5 c3 51. Nxc7 1-0

[Event "Saint-Lô Open Yves Coquereau"]
[Site "?"]
[Date "2014.07.12"]
[Round "8.15"]
[White "Lepigoche, Cyril"]
[Black "Bischofberger, Dario"]
[Result "0-1"]
[WhiteElo "2110"]
[BlackElo "1971"]
[PlyCount "136"]
[SourceDate "2014.07.06"]

1. Nf3 d5 2. g3 g6 3. Bg2 Bg7 4. O-O e5 5. d3 Ne7 6. e4 O-O 7. Nc3 d4 8. Ne2 c5
9. Nh4 Nbc6 10. f4 f6 11. fxe5 fxe5 12. a3 Be6 13. Rxf8+ Qxf8 14. h3 Bh6 15.
Kh2 Qg7 16. Nf3 Bxc1 17. Qxc1 h6 18. Qd2 Rf8 19. b4 c4 20. dxc4 Bxc4 21. Nc1
Nc8 22. Nd3 Nd6 23. Re1 Kh7 24. Qe2 Nb5 25. Nd2 Nc3 26. Qg4 Bg8 27. h4 Rf6 28.
Bh3 Be6 29. Qxe6 Rxe6 30. Bxe6 Qe7 31. Bb3 Kg7 32. Rf1 Nd8 33. Kh3 b6 34. g4 a5
35. bxa5 bxa5 36. a4 Kh7 37. Rf2 Nd1 38. Rf3 Nc3 $11 39. Rf1 Kg7 40. Re1 Ne6
41. Nf3 Nc5 42. Ndxe5 N5xe4 43. Kg2 Qf6 44. Nd3 h5 45. g5 Qf5 46. Nfe5 Nd2 47.
Bf7 Ne2 48. Bxg6 Nf4+ 49. Nxf4 Qxf4 50. Bxh5 Qxh4 51. Rh1 Qe4+ 52. Nf3 Qe2+ 53.
Kg3 Ne4+ 54. Kh4 Qf2+ 55. Kg4 Qg2+ 56. Kf4 Qxh1 57. Kxe4 Qxh5 58. Nxd4 Qe8+ 59.
Kd5 Qxa4 60. c4 Qd7+ 61. Kc5 a4 62. Nb5 Qe7+ 63. Kb6 a3 64. Nxa3 Qxa3 65. c5
Qb4+ 66. Kc6 Qb8 67. Kd7 Qb7+ 68. Kd6 Qc8 0-1

[Event "Saint-Lô Open Yves Coquereau"]
[Site "?"]
[Date "2014.07.13"]
[Round "9.1"]
[White "Macon, Arthur"]
[Black "Miron, Lucian Costin"]
[Result "1/2-1/2"]
[WhiteElo "2154"]
[BlackElo "2509"]
[PlyCount "72"]
[EventDate "2014.07.05"]
[SourceDate "2014.07.06"]

1. d4 Nf6 2. c4 g6 3. Nc3 Bg7 4. e4 d6 5. Nf3 O-O 6. Be2 e5 7. dxe5 dxe5 8.
Qxd8 Rxd8 9. Bg5 Na6 10. Nd5 Rd6 11. Nxf6+ Bxf6 12. Bxf6 Rxf6 13. Nxe5 Re6 14.
Ng4 h5 15. Ne3 Rxe4 16. O-O Re8 17. Bf3 c6 18. Rad1 Nc7 19. Rd2 a5 20. Rfd1 Be6
21. g3 Na6 22. b3 Nc5 23. Nc2 Bh3 24. Nd4 Re7 25. Bg2 Bxg2 26. Kxg2 Rae8 27.
Kg1 Ne4 28. Rd3 Kg7 29. h4 Nc5 30. R3d2 Ne4 31. Rd3 Nc5 32. R3d2 f6 33. a3 Ne4
34. Rd3 Nc5 35. R3d2 Ne4 36. Rd3 Nc5 1/2-1/2

[Event "Saint-Lô Open Yves Coquereau"]
[Site "?"]
[Date "2014.07.13"]
[Round "9.2"]
[White "Sieciechowicz, Marcin"]
[Black "Poley, Vladimir"]
[Result "0-1"]
[WhiteElo "2438"]
[BlackElo "2279"]
[PlyCount "108"]
[EventDate "2014.07.05"]
[SourceDate "2014.07.06"]

1. d4 d5 2. c4 e6 3. Nc3 a6 4. cxd5 exd5 5. Nf3 h6 6. Bf4 Nf6 7. e3 Be7 8. h3
Nbd7 9. Bd3 O-O 10. O-O Re8 11. Rc1 Nf8 12. Bb1 c6 13. a3 a5 14. Qc2 Ng6 15.
Bh2 Bd6 16. Bxd6 Qxd6 17. Na4 Ne4 18. Nb6 Rb8 19. Qa4 Bf5 20. Qxa5 Qf6 21. Kh2
Qd6+ 22. g3 Qf6 23. Bxe4 Rxe4 24. Nd2 Re7 25. Qc3 Rbe8 26. Na4 h5 27. Rce1 Bc8
28. Kg2 Qf5 29. Rh1 Re6 30. Nc5 Rf6 31. f4 b6 32. Nd3 Ba6 33. Ne5 Nxe5 34. dxe5
Rg6 35. Nf3 c5 36. Kf2 Rc6 37. Nd4 cxd4 38. Qxc6 Rc8 39. Qxd5 Qc2+ 40. Kf3 d3
41. g4 Rb8 42. Qd4 Bb7+ 43. e4 Rc8 44. Kg3 Rc4 45. Qd8+ Kh7 46. Rc1 Qb3 47.
Rxc4 Qxc4 48. Rd1 Bxe4 49. Qxb6 h4+ 50. Kxh4 Bf3 51. Rd2 Qxf4 52. Rxd3 Be4 53.
Qd8 f6 54. Qd7 Kh6 0-1

[Event "Saint-Lô Open Yves Coquereau"]
[Site "?"]
[Date "2014.07.13"]
[Round "9.3"]
[White "Ledoux, Jean Luc"]
[Black "Tsyhanchuk, Stanislav"]
[Result "0-1"]
[WhiteElo "2047"]
[BlackElo "2382"]
[PlyCount "232"]
[EventDate "2014.07.05"]
[SourceDate "2014.07.06"]

1. d4 Nf6 2. c4 Nc6 3. Nf3 e6 4. a3 d6 5. Nc3 g6 6. e4 Bg7 7. h3 O-O 8. Bg5 h6
9. Be3 Re8 10. Be2 e5 11. d5 Nd4 12. O-O Nxe2+ 13. Qxe2 Nh5 14. Qd2 Kh7 15. g4
Qf6 16. Kg2 Nf4+ 17. Kg3 g5 18. Rh1 Qe7 19. h4 gxh4+ 20. Rxh4 Bf6 21. Bxf4
Bxh4+ 22. Nxh4 exf4+ 23. Qxf4 Qe5 24. Qxe5 Rxe5 25. Rh1 Rg5 26. f3 Bd7 27. Nd1
h5 28. Ng2 Kg7 29. Nf2 hxg4 30. fxg4 Rg8 31. Kf4 Rg6 32. Ne3 Rh6 33. Rc1 b6 34.
b4 Rb8 35. a4 a6 36. a5 bxa5 37. bxa5 Rf6+ 38. Nf5+ Bxf5 39. g5 Re6 40. dxe6
Bxe6 41. e5 Rb4 42. exd6 cxd6 43. Ne4 d5 44. Nc5 Bc8 45. Ke5 dxc4 46. Kd6 Rb5
47. Rxc4 Rxa5 48. Kc7 Bh3 49. Kb6 Ra1 50. Ra4 Rg1 51. Rxa6 Rxg5 52. Ra3 Bg2 53.
Re3 Rg6+ 54. Kb5 Bc6+ 55. Kc4 Rg5 56. Nd3 f6 57. Kc3 Kg6 58. Kd2 Rg2+ 59. Ke1
Kg5 60. Re7 Ra2 61. Nb4 Ra1+ 62. Kf2 Ba8 63. Re8 f5 64. Nd3 Be4 65. Rg8+ Kf6
66. Nf4 Ra2+ 67. Ke3 Ra3+ 68. Ke2 Bf3+ 69. Kf2 Bg4 70. Nd5+ Kf7 71. Rb8 Rf3+
72. Kg2 Ke6 73. Rb5 Ra3 74. Nf4+ Kf6 75. Rb8 Bf3+ 76. Kf2 Be4 77. Rf8+ Ke7 78.
Ng6+ Kd7 79. Nh4 Ke6 80. Re8+ Kf6 81. Nxf5 Kxf5 82. Rf8+ Kg4 83. Rg8+ Kf4 84.
Rf8+ Bf5 85. Ke2 Ra2+ 86. Kd1 Ke4 87. Re8+ Kd3 88. Rd8+ Ke3 89. Kc1 Rc2+ 90.
Kd1 Rb2 91. Re8+ Be4 92. Rc8 Rb1+ 93. Rc1 Rb6 94. Rc8 Rb7 95. Rc5 Bd3 96. Re5+
Kd4 97. Re8 Kc3 98. Rc8+ Bc4 99. Kc1 Rf7 100. Rd8 Rf2 101. Rd7 Rf8 102. Rd6 Re8
103. Rd7 Re6 104. Rd8 Re7 105. Rd6 Ra7 106. Rb6 Ra5 107. Rb8 Ra1+ 108. Rb1 Ra2
109. Rb8 Rd2 110. Rc8 Rd7 111. Rc6 Re7 112. Rd6 Bb5 113. Rd8 Bd7 114. Kb1 Re1+
115. Ka2 Be6+ 116. Ka3 Ra1# 0-1

[Event "Saint-Lô Open Yves Coquereau"]
[Site "?"]
[Date "2014.07.13"]
[Round "9.4"]
[White "Bakalerz, Mietek"]
[Black "Bizovi, Mihaï"]
[Result "1/2-1/2"]
[WhiteElo "2329"]
[BlackElo "2157"]
[PlyCount "106"]
[EventDate "2014.07.05"]
[SourceDate "2014.07.06"]

1. e4 e6 2. d4 d5 3. Nc3 Nf6 4. e5 Nfd7 5. f4 c5 6. Nf3 Nc6 7. Be3 a6 8. Qd2 b5
9. dxc5 Bxc5 10. Bxc5 Nxc5 11. Qf2 Qb6 12. Bd3 Rb8 13. O-O b4 14. Ne2 Bd7 15.
Kh1 h6 16. Nfd4 O-O 17. Nxc6 Bxc6 18. Nd4 Bb5 19. Nxb5 Nxd3 20. Qxb6 Rxb6 21.
cxd3 axb5 22. Rfc1 Ra8 23. b3 Rba6 24. Rc2 Ra3 25. Rb2 Rc8 26. Kg1 Rc3 27. Rd1
Ra6 28. Kf2 Rac6 29. Ke3 f6 30. exf6 gxf6 31. Kd4 R6c5 32. Re2 Kf7 33. g4 Rc2
34. Rde1 Rxe2 35. Rxe2 Rc3 36. f5 e5+ 37. Kxd5 Rxd3+ 38. Kc5 Rd4 39. Rg2 Ke7
40. h3 Kd7 41. h4 Ke7 42. Kc6 Rf4 43. Kxb5 Kf7 44. Kc5 Rd4 45. a3 bxa3 46. b4
Ke7 47. Rg3 a2 48. Ra3 Rd2 49. Ra7+ Kd8 50. g5 fxg5 51. hxg5 hxg5 52. f6 Rf2
53. Kd5 Rxf6 1/2-1/2

[Event "Saint-Lô Open Yves Coquereau"]
[Site "?"]
[Date "2014.07.13"]
[Round "9.5"]
[White "Gagarin, Vasily"]
[Black "Amoyal, Pierre"]
[Result "1-0"]
[WhiteElo "2312"]
[BlackElo "2142"]
[PlyCount "91"]
[EventDate "2014.07.05"]
[SourceDate "2014.07.06"]

1. Nf3 Nf6 2. g3 g6 3. b3 Bg7 4. Bb2 O-O 5. Bg2 d6 6. d4 c5 7. O-O Nc6 8. d5
Nb4 9. c4 Bf5 10. a3 Na6 11. Nc3 Nc7 12. Nd2 Rb8 13. a4 a6 14. a5 b5 15. axb6
Rxb6 16. h3 h5 17. e4 Bd7 18. f4 Nh7 19. Re1 Qc8 20. Kh2 Bh6 21. Qf3 e5 22.
dxe6 fxe6 23. Ne2 e5 24. Qc3 Bg7 25. Nf3 Qb7 26. Nc1 Ne6 27. fxe5 g5 28. Qd2 g4
29. hxg4 hxg4 30. Nh4 dxe5 31. Ng6 Rf6 32. Nxe5 Rh6+ 33. Kg1 Nd4 34. Bxd4 cxd4
35. Ned3 Rh5 36. Nf4 Rhh6 37. e5 Bc6 38. Bd5+ Kh8 39. Qe2 Qc8 40. e6 Nf6 41.
Rb1 Qg8 42. Ncd3 Qh7 43. Bxc6 Rxc6 44. Qg2 Rc8 45. Ne5 Rh5 46. Neg6+ 1-0

[Event "Saint-Lô Open Yves Coquereau"]
[Site "?"]
[Date "2014.07.13"]
[Round "9.6"]
[White "Marimoutou, Loïc"]
[Black "Vavric, Pavel"]
[Result "0-1"]
[WhiteElo "2081"]
[BlackElo "2235"]
[PlyCount "74"]
[EventDate "2014.07.05"]
[SourceDate "2014.07.06"]

1. e4 c6 2. d4 d5 3. Nc3 g6 4. Nf3 Bg7 5. Be2 dxe4 6. Nxe4 Nd7 7. O-O Ngf6 8.
Ng3 O-O 9. Re1 Nb6 10. c3 Qc7 11. Qc2 Re8 12. b3 c5 13. dxc5 Qxc5 14. Be3 Qc7
15. Bb5 Bd7 16. Bxd7 Nfxd7 17. Rac1 Nd5 18. Bd2 f5 19. c4 N5f6 20. c5 e6 21.
Qc4 Nf8 22. Bf4 Qc6 23. Nd4 Qd5 24. Nb5 Qxc4 25. Rxc4 Nd5 26. Bd6 a6 27. Nd4 e5
28. Ndxf5 gxf5 29. Nxf5 Ng6 30. h4 h5 31. g4 Bf6 32. gxh5 Ngf4 33. h6 Kf7 34.
c6 b5 35. Rce4 Ke6 36. Bxe5 Kxf5 37. Bxf6 Rxe4 0-1

[Event "Saint-Lô Open Yves Coquereau"]
[Site "?"]
[Date "2014.07.13"]
[Round "9.7"]
[White "Bourdonnais, Loïc"]
[Black "Monpeurt, Cyrielle"]
[Result "0-1"]
[WhiteElo "2222"]
[BlackElo "2045"]
[PlyCount "108"]
[EventDate "2014.07.05"]
[SourceDate "2014.07.06"]

1. c4 c6 2. Nf3 d5 3. e3 Nf6 4. b3 Bg4 5. Bb2 e6 6. Be2 Nbd7 7. h3 Bxf3 8. gxf3
Bd6 9. Rg1 Qe7 10. Rxg7 O-O-O 11. Nc3 Rhg8 12. Rxg8 Rxg8 13. Bf1 Rg1 14. Qe2 e5
15. O-O-O Ba3 16. d3 Qb4 17. Qc2 Kb8 18. Ne2 Rh1 19. f4 e4 20. dxe4 Nxe4 21.
Ng3 Nxg3 22. fxg3 Nc5 23. Bxa3 Qxa3+ 24. Kb1 a5 25. cxd5 cxd5 26. Rc1 Ne4 27.
g4 Qxc1+ 28. Qxc1 Rxf1 29. Qxf1 Nd2+ 30. Kc2 Nxf1 31. Kd3 Kc7 32. e4 dxe4+ 33.
Kxe4 Kd6 34. Kf5 Ke7 35. Ke4 Nd2+ 36. Kd3 Nf3 37. Kc4 f5 38. gxf5 h5 39. Kb5 h4
40. Kxa5 Ng1 41. Kb6 Nxh3 42. Kxb7 Nxf4 43. f6+ Kxf6 44. a4 h3 45. a5 h2 46. a6
h1=Q+ 47. Kb8 Qh8+ 48. Kb7 Qg7+ 49. Ka8 Qf8+ 50. Kb7 Qe7+ 51. Ka8 Qd8+ 52. Kb7
Qd7+ 53. Kb6 Nd5+ 54. Ka5 Qc6 0-1

[Event "Saint-Lô Open Yves Coquereau"]
[Site "?"]
[Date "2014.07.13"]
[Round "9.8"]
[White "Bischofberger, Dario"]
[Black "Leconte, Maria"]
[Result "1/2-1/2"]
[WhiteElo "1971"]
[BlackElo "2221"]
[PlyCount "65"]
[EventDate "2014.07.05"]
[SourceDate "2014.07.06"]

1. d4 Nf6 2. c4 e6 3. Nf3 Bb4+ 4. Bd2 c5 5. e3 O-O 6. Bd3 d6 7. O-O Re8 8. e4
Bxd2 9. Qxd2 cxd4 10. Nxd4 e5 11. Nc2 Nc6 12. Nc3 Be6 13. Rfd1 a6 14. Be2 Qb6
15. b4 Red8 16. Rab1 Qc7 17. a4 Rac8 18. Rbc1 b6 19. f3 Nxb4 20. Ne3 Qb8 21. g4
Nc6 22. Kh1 Kf8 23. Rg1 Na5 24. Nf5 Ne8 25. Qg5 Rd7 26. Rg3 Nxc4 27. Rh3 Bxf5
28. gxf5 h6 29. Rxh6 gxh6 30. Qxh6+ Ke7 31. Nd5+ Kd8 32. Qh4+ f6 33. Nxf6
1/2-1/2

[Event "Saint-Lô Open Yves Coquereau"]
[Site "?"]
[Date "2014.07.13"]
[Round "9.9"]
[White "Perrot, Pierre"]
[Black "Nuta, Dan"]
[Result "0-1"]
[WhiteElo "1960"]
[BlackElo "2150"]
[PlyCount "104"]
[EventDate "2014.07.05"]
[SourceDate "2014.07.06"]

1. c4 e5 2. Nc3 Nf6 3. Nf3 Nc6 4. d3 Bb4 5. Bd2 O-O 6. g3 d5 7. cxd5 Nxd5 8.
Bg2 Nb6 9. O-O h6 10. a3 Be7 11. Rc1 Be6 12. Be3 Nd5 13. Nxd5 Bxd5 14. Bc5 Bxc5
15. Rxc5 Qd6 16. Rc3 Nd4 17. e3 Nxf3+ 18. Bxf3 c5 19. Bxd5 Qxd5 20. Qc2 b6 21.
b4 cxb4 22. axb4 h5 23. h4 Rfd8 24. Qb3 Qf3 25. Rfc1 Qf5 26. Qc2 g6 27. Ra1 Kg7
28. Raa3 Rd7 29. Kg2 Rad8 30. Rc7 Rxd3 31. Raxa7 Rf8 32. Rc3 e4 33. Qb2 Kg8 34.
Ra1 Rfd8 35. Rc2 Qf3+ 36. Kh2 Kh7 37. Re1 Rd1 38. Rce2 Kg8 39. Qc2 R1d3 40. Ra1
Kh7 41. Rae1 R8d7 42. Kg1 R7d6 43. Qc7 Rd1 44. Qc2 R1d3 45. Qc7 b5 46. Qc5 R3d5
47. Qc2 g5 48. hxg5 Rxg5 49. Rd2 h4 50. Rd4 Rxd4 51. exd4 f5 52. Re3 Rxg3+ 0-1

[Event "Saint-Lô Open Yves Coquereau"]
[Site "?"]
[Date "2014.07.13"]
[Round "9.10"]
[White "Kassani, Sam"]
[Black "Georgescu, Gabriel-Ioan"]
[Result "0-1"]
[WhiteElo "2112"]
[BlackElo "1918"]
[PlyCount "58"]
[EventDate "2014.07.05"]
[SourceDate "2014.07.06"]

1. Nf3 Nf6 2. c4 e6 3. d4 c5 4. g3 b6 5. Bg2 Bb7 6. d5 exd5 7. cxd5 Bxd5 8. Nc3
Bc6 9. e4 d6 10. O-O Be7 11. Re1 O-O 12. Qe2 Re8 13. Bf4 Bf8 14. Qc4 a6 15.
Rad1 b5 16. Qd3 b4 17. e5 bxc3 18. exf6 Rxe1+ 19. Rxe1 Qxf6 20. Bg5 Qg6 21.
Qxc3 Nd7 22. Qd2 Rc8 23. Nh4 Qh5 24. f4 Bxg2 25. Qxg2 f6 26. Nf5 fxg5 27. Qb7
Re8 28. Rf1 Nf6 29. fxg5 Qxg5 0-1